| 000 -ლიდერი |
| ფიქსირებული სიგრძის საკონტროლო ველი |
01152nam a22002177a 4500 |
| 003 - საკონტროლო ნომრის იდენტიფიკატორი |
| საკონტროლო ველი |
Ge_BSU |
| 005 - ბოლო ოპერაციის თარიღი და დრო |
| საკონტროლო ველი |
20200520160945.0 |
| 008 - ფიქსირებული სიგრძის მონაცემთა ელემენტები - ზოგადი ინფორმაცია |
| ფიქსირებული სიგრძის საკონტროლო ველი |
200520s2018 xxu||||| |||| 00| 0 geo d |
| 020 ## - წიგნის საერთაშორისო სტანდარტული ნომერი |
| International Standard Book Number |
9789941808173 |
| 041 ## - ენის კოდი |
| Language code of text/sound track or separate title |
geo |
| 080 ## - უნივერსალური ათობითი კლასიფიკაციის ინდექსი |
| Universal Decimal Classification number |
341.2 ფ-64 |
| 100 ## - მთავარი ჩანაწერი - პიროვნების სახელი |
| Personal name |
ფირცხალაშვილი, ანა |
| 9 (RLIN) |
8126 |
| 245 ## - ცნობა სათაურის შესახებ |
| Title |
ადამიანის უფლებათა დაცვის პოლიტიკა ევროპული კავშირის სამართალში / |
| Statement of responsibility, etc |
ანა ფირცხალაშვილი ; გიორგი მირიანაშვილი ; რედ. ნანა თავაძე. |
| 264 ## - წარმოების, გამოცემის, დისტრიბუციის და სხვა ცნობები |
| გამოცემის, წარმოების, დისტრიბუციის... ადგილი |
თბილისი, |
| გამოცემის, წარმოების, დისტრიბუციის... თარიღი |
2018. |
| 300 ## - ფიზიკური აღწერა |
| Extent |
274 გვ.: |
| Dimensions |
22სმ. |
| 546 ## - LANGUAGE NOTE |
| Language note |
რეზიუმე და შენიშვნა ინგლ.ენ. |
| 653 ## - INDEX TERM--UNCONTROLLED |
| Uncontrolled term |
ადამიანის საერთაშორისო უფლებების დაცვა |
| 700 ## - ADDED ENTRY--PERSONAL NAME |
| Personal name |
მირიანაშვილი, გიორგი |
| 9 (RLIN) |
8131 |
| 700 ## - ADDED ENTRY--PERSONAL NAME |
| Personal name |
თავაძე , ნანა |
| Relator term |
რედაქტორი |
| 9 (RLIN) |
8132 |
| 942 ## - ADDED ENTRY ELEMENTS (KOHA) |
| Source of classification or shelving scheme |
|
| Koha item type |
წიგნი |